000 00688nam a2200205Ia 4500
003 GCL
008 140319s9999 xx 000 0 ara d
040 _aGCL /
_cGCL
082 0 4 _a020.285
_bع ت
100 1 _aعجلان محمد عجلان
245 1 0 _aتعليم التقنيات المتصلة بالحاسبات فى أقسام المكتبات والمعلومات بالمملكة /
_cعجلان محمد عجلان
300 _a63 ص
490 _aكتاب
_v0
650 0 4 _aالحاسبات الالكترونية
650 0 4 _aنظم المعلومات
650 0 4 _aتعليم
650 0 4 _aالمكتبات
650 0 4 _aالمكتبات، علم
942 _2ddc
_cBK
999 _c42093
_d42093